000 01063cam a2200337 a 4500
999 _c130540
_d130540
001 2901252
003 ARRUPE
005 20201022102526.0
008 870910t19861985dcu b 000 0 eng
010 _a 87148377
020 _a0930467949
040 _aDLC
_cDLC
_dDLC
041 1 _aeng
_hlat
050 0 0 _aBX2045
_b.I5523 1988
082 0 0 _a264/.025
_219
100 _aCatholic Church.
_945141
240 1 0 _lEnglish
245 1 0 _aRite of Christian initiation of adults.
_cCatholic Church.
250 _aStudy edition
260 _aChicago:
_bLiturgy Training Publications,
_c1988.
300 _axviii, 375 p. ;
_c26cm.
490 1 _aRoman ritual
500 _aTranslation of: Ordo initiationis Christianae adultorum.
500 _a"January 1986."
504 _aIncludes bibliographical references.
650 0 _aChristian initiation
_949995
710 2 _aInternational Commission on English in the Liturgy.
_945227
906 _a7
_bcbc
_corignew
_d3
_encip
_f19
_gy-gencatlg
942 _2lcc
_cMONOGRAPH